Organizational behavior / (Record no. 2746)

000 -LEADER
fixed length control field 01118cam a22003134a 4500
001 - CONTROL NUMBER
control field 11797508
003 - CONTROL NUMBER IDENTIFIER
control field OSt
005 - DATE AND TIME OF LATEST TRANSACTION
control field 20160812120001.0
008 - FIXED-LENGTH DATA ELEMENTS--GENERAL INFORMATION
fixed length control field 990927s2001 njua b 001 0 eng
010 ## - LIBRARY OF CONGRESS CONTROL NUMBER
LC control number 99049448
020 ## - INTERNATIONAL STANDARD BOOK NUMBER
International Standard Book Number 0130166804
040 ## - CATALOGING SOURCE
Original cataloging agency DLC
Transcribing agency DLC
Modifying agency DLC
042 ## - AUTHENTICATION CODE
Authentication code pcc
050 00 - LIBRARY OF CONGRESS CALL NUMBER
Classification number HD58.7.R62 2011
082 00 - DEWEY DECIMAL CLASSIFICATION NUMBER
Classification number 658.3
100 1# - MAIN ENTRY--PERSONAL NAME
Personal name Robbins, Stephen P.,
Dates associated with a name 1943-
245 10 - TITLE STATEMENT
Title Organizational behavior /
Statement of responsibility, etc Stephen P. Robbins...[et. al.]
250 ## - EDITION STATEMENT
Edition statement 6th ed.
260 ## - PUBLICATION, DISTRIBUTION, ETC. (IMPRINT)
Place of publication, distribution, etc Australia
Name of publisher, distributor, etc Pearson Education Limited
Date of publication, distribution, etc c2011.
300 ## - PHYSICAL DESCRIPTION
Extent xxx, 554 p. :
Other physical details col. ill. ;
Dimensions 26 cm. +
Accompanying material 1 computer laser optical disc (4 3/4 in.).
504 ## - BIBLIOGRAPHY, ETC. NOTE
Bibliography, etc Includes bibliographical references and indexes.
538 ## - SYSTEM DETAILS NOTE
System details note System requirements for accompanying computer disc: Macintosh/Windows 95, 98, or NT.
650 #0 - SUBJECT ADDED ENTRY--TOPICAL TERM
Topical term or geographic name as entry element Organizational behavior.
700 ## - ADDED ENTRY--PERSONAL NAME
Personal name Millett Bruce
700 ## - ADDED ENTRY--PERSONAL NAME
Personal name Boyle, Maree
906 ## - LOCAL DATA ELEMENT F, LDF (RLIN)
a 7
b cbc
c orignew
d 1
e ocip
f 19
g y-gencatlg
942 ## - ADDED ENTRY ELEMENTS (KOHA)
Source of classification or shelving scheme
Koha item type Book
Holdings
Withdrawn status Lost status Source of classification or shelving scheme Damaged status Not for loan Home library Current library Shelving location Date acquired Total Checkouts Full call number Barcode Date last seen Date checked out Copy number Price effective from Koha item type
          Riara University Library Riara University Library General stack 12/08/2016 6 HD58.7.R62 2011 7286/16 29/02/2024 29/02/2024 C.1 12/08/2016 Book
          Riara University Library Riara University Library General stack 06/09/2016   HD58.7.R62 2011 7448/16 06/09/2016   C.2 06/09/2016 Book

Riara University Library,
P.O. Box 49940-00100,
Nairobi, Kenya.